Normal view
MARC view
- Rodríguez Diéguez, José Luis,
Entry Nombre Personal
001 - NUMERO DE CONTROL
- campo de control: 37522
003 - IDENTIFICADOR DE NUMERO DE CONTROL
- campo de control: UPN
005 - FECHA Y HORA DE LA ÜLTIMA TRANSACCIÓN
- campo de control: 20210219194526.0
008 - DATOS DE LONGITUD FIJA
- campo de control de longitud fija: nabaccnnaabn|||||||||| b |nc|||||d
035 ## - NUMERO DE CONTROL
- Número de control: UPN11000009629
040 ## - FUENTE DE CATALOGACIÓN
- Lenguaje de catalogación: SPA
- Agencia de transcripción: UPN
100 1# - ENCABEZAMIENTO - NOMBRE PERSONAL
- Nombre personal: Rodríguez Diéguez, José Luis,
- Fechas asociadas con el nombre: 1940-
670 ## - FUENTE EN LA QUE SE LOCALIZARON DATOS
- Cita de la fuente: T
- Información localizada: La programación de la enseñanza :el diseño y la programación como competencias del profesor
680 ## - NOTA PUBLICA DE ACCESO PÚBLICO
- Frase explicativa de la referencia: España. Catedrático de Didáctica de la Universidad de Salamanca
902 ## - CATALOGADOR
- Catalogador: EMR/240815
